| 000 | 00986nam a22002771c 4500 | ||
|---|---|---|---|
| 001 | a987678779 | ||
| 008 | 170120s2006 gw |||| 000u ger d | ||
| 020 |
_a3899712862 _93-89971-286-2 |
||
| 041 | _ager | ||
| 100 | 1 |
_aHilger, Andreas _98468 |
|
| 245 | 0 | 0 |
_a"Tod den Spionen!" : _bTodesurteile sowjetischer Gerichte in der SBZ/DDR und in der Sowjetunion bis 1953 / _cAndreas Hilger (Hg.) |
| 250 | _a1. Aufl. | ||
| 264 |
_aGöttingen : _bV & R unipress, _c2006 |
||
| 300 | _a209 S. ; 240 mm x 165 mm | ||
| 650 | 0 |
_aRechtsgeschichte _913496 |
|
| 650 | 0 |
_aTodesstrafe _92257 |
|
| 650 | 0 |
_aTodesurteil _914131 |
|
| 651 | 0 | _aDeutschland <DDR> | |
| 651 | 0 |
_aSowjetunion _9127 |
|
| 856 | 4 | _uhttp://nbn-resolving.de/urn/resolver.pl?urn=urn:nbn:de:bvb:12-bsb00046247-3 | |
| 942 | _cMG | ||
| 040 | _cRU-10907106 | ||
| 003 | RU-10907106 | ||
| 999 |
_c40902 _d40902 |
||
| 490 | 0 |
_aBerichte und Studien / Hannah-Arendt-Institut für Totalitarismusforschung _v51 |
|
| 530 | _aauch als Online-Ressource frei zugänglich | ||